AoC 1914 World - Statistics

General Stats
  • This quiz has been taken 5 times
  • The average score is 75 of 166
Answer Stats
Answer % Correct
Denmark
100%
Egypt
100%
Libya
100%
Morocco
100%
Ottoman Empire
100%
Russia
100%
United Kingdom
100%
Albania
67%
Angola
67%
Argentina
67%
Austria-Hungary
67%
Bahrain
67%
Belgium
67%
Bolivia
67%
Brazil
67%
Bulgaria
67%
Canada
67%
Chile
67%
China
67%
Colombia
67%
Congo
67%
Costa Rica
67%
Cuba
67%
Dominican Republic
67%
Ecuador
67%
El Salvador
67%
Eritrea
67%
Ethiopia
67%
Finland
67%
France
67%
Germany
67%
Greece
67%
Guatemala
67%
Haiti
67%
Honduras
67%
Iceland
67%
Italy
67%
Jamaica
67%
Japan
67%
Kuwait
67%
Liberia
67%
Luxembourg
67%
Malaya
67%
Mexico
67%
Montenegro
67%
Mozambique
67%
Netherlands
67%
Newfoundland
67%
Nicaragua
67%
Norway
67%
Panama
67%
Paraguay
67%
Peru
67%
Qatar
67%
Romania
67%
San Marino
67%
Serbia
67%
South Africa
67%
Spain
67%
Suriname
67%
Swaziland
67%
Sweden
67%
Switzerland
67%
Tunisia
67%
Uganda
67%
United States
67%
Uruguay
67%
Venezuela
67%
Yemen
67%
Aden
33%
Afghanistan
33%
Alaska
33%
Anaza
33%
Andorra
33%
Arabia
33%
Aussa
33%
Bhutan
33%
British Guyana
33%
British Raj
33%
British Somaliland
33%
Brunei
33%
Cape Verde
33%
Ceylon
33%
Cyprus
33%
Darfur
33%
Dervish State
33%
Dutch East Indies
33%
East Africa
33%
Equatorial Africa
33%
Falklands
33%
Faroe Islands
33%
Fiji
33%
French Guyana
33%
French Somaliland
33%
Goa
33%
Gold Coast
33%
Guam
33%
Hawaii
33%
Hong Kong
33%
Indochina
33%
Italian Somaliland
33%
Jabal Shammar
33%
Kamerun
33%
Khiva
33%
Lichenstein
33%
Madagascar
33%
Malta
33%
Mauritius
33%
Monaco
33%
Mongolia
33%
Muscat and Oman
33%
Najran
33%
Nejd
33%
Nepal
33%
New Caledonia
33%
New Guinea
33%
New Zealand
33%
Nigeria
33%
North Borneo
33%
Northern Rhodesia
33%
North Greenland
33%
Nyasaland
33%
Ostafrika
33%
Papua
33%
Persia
33%
Philippines
33%
Portugal
33%
Portuguese Guinea
33%
Sahara
33%
Samoa
33%
Sao Tome and Principe
33%
Sarawak
33%
Siam
33%
Sierra Leone
33%
Sikkim
33%
Solomon Islands
33%
Southern Rhodesia
33%
South Greenland
33%
Southwest Africa
33%
Spanish Morocco
33%
Sudan
33%
The Bahamas
33%
The Gambia
33%
Tibet
33%
Timor
33%
Togoland
33%
Trinadad and Tobago
33%
West Africa
33%
Windward Islands
33%
Zanzibar
33%
Australia
0%
Basutoland
0%
Bechuanaland
0%
Bukhara
0%
Carrancitas
0%
French Oceania
0%
Guadeloupe
0%
Kiautschou Bay
0%
New Hebrides
0%
Puerto Rico
0%
Réunion
0%
Senussiya
0%
Spanish Guinea
0%
Trucial States
0%
Uryankhay
0%
Villistas
0%
No matching quizzes found
Score Distribution
Percent of People with Each Score
Percentile by Number Answered
Your Score History
You have not taken this quiz